Applied macroeconomics : (Record no. 5995)
[ view plain ]
| 000 -LEADER | |
|---|---|
| fixed length control field | 00466cam a2200157 i 4500 |
| 008 - FIXED-LENGTH DATA ELEMENTS--GENERAL INFORMATION | |
| fixed length control field | 221101s2022 gw a ob 000 0 eng d |
| 010 ## - LIBRARY OF CONGRESS CONTROL NUMBER | |
| Field link and sequence number | 1350435891 |
| 020 ## - INTERNATIONAL STANDARD BOOK NUMBER | |
| International Standard Book Number | 9783658393151 |
| Qualifying information | eBook |
| 020 ## - INTERNATIONAL STANDARD BOOK NUMBER | |
| Canceled/invalid ISBN | 9783658393144 |
| 050 #4 - LIBRARY OF CONGRESS CALL NUMBER | |
| Classification number | HB172 |
| Item number | .C66 2022 |
| 100 1# - MAIN ENTRY--PERSONAL NAME | |
| Personal name | Christian A. Cornrad |
| Dates associated with a name | 2022 |
| Relator term | author. |
| 245 10 - TITLE STATEMENT | |
| Title | Applied macroeconomics : |
| Remainder of title | A practical introduction |
| Statement of responsibility, etc. | Christian A. Conrad. |
| 300 ## - PHYSICAL DESCRIPTION | |
| Extent | (xiv, 398 pages) : |
| Other physical details | illustrations |
| 942 ## - ADDED ENTRY ELEMENTS (KOHA) | |
| Source of classification or shelving scheme | |
| Withdrawn status | Lost status | Source of classification or shelving scheme | Damaged status | Not for loan | Permanent Location | Current Location | Shelving location | Date acquired | Total Checkouts | Full call number | Barcode | Date last seen | Price effective from | Koha item type | Public note |
|---|---|---|---|---|---|---|---|---|---|---|---|---|---|---|---|
| AU LIBRARY | AU LIBRARY | Open Shelf | 03.03.2026 | HB172 .C66 2022 | 28008404 | 03.03.2026 | 03.03.2026 | Book | SB |